| 000 | 01328cgm a22002535a 4500 | ||
|---|---|---|---|
| 001 | J125753 | ||
| 008 | 040406s2002 xxk f 000 0 eng u | ||
| 035 | _a(Sirsi) u125753 | ||
| 041 | 0 | _aeng | |
| 050 | 0 | 4 |
_a725.54 _c18 |
| 110 | 2 |
_aBritish Standards Institution _9130 |
|
| 245 | 0 | 0 |
_aDisability Access (BS 8300:2001) BSI electronic book _h[electronic resource] |
| 260 |
_aLondon _bBSI _c2002 |
||
| 300 | _a1 CD-ROM | ||
| 350 | _a180 | ||
| 490 |
_aBS _v8300: 2001 |
||
| 520 | _aDiscusses recommendations for the design of new buildings and their approaches, to meet the needs of disabled people. Applies to car parking provisions, setting down points and garaging, access routes to and around all buildings, and entrances to and interiors of new buildings. Routes to recreational facilities associated with and in the immediate vicinity of buildings, such as patios, and seating and picnic areas, are also covered. The CD-ROM contains the standard in PDF format, plus an audio version. | ||
| 520 | _aA hardcopy of this publication is available (ISBN 0580384381) | ||
| 650 | _aDISABILITY DISCRIMINATION ACT 1995 | ||
| 650 | _aMANAGEMENT-BUSINESS MANAGEMENT-DISCRIMINATION-DISABILITY DISCRIMINATION-ACCESSIBILITY | ||
| 650 | _aPEOPLE WITH DISABILITIES | ||
| 690 | _aBUILT ENVIRONMENT-CONSTRUCTION DESIGN | ||
| 942 | _n0 | ||
| 999 |
_c85436 _d85436 |
||